Deutsh interstantt-01 (Record no. 5999)
[ view plain ]
| 000 -LEADER | |
|---|---|
| fixed length control field | 00218nam a22000857a 4500 |
| 008 - FIXED-LENGTH DATA ELEMENTS--GENERAL INFORMATION | |
| fixed length control field | 170207b xxu||||| |||| 00| 0 eng d |
| 100 ## - MAIN ENTRY--PERSONAL NAME | |
| 9 (RLIN) | 2798 |
| Personal name | Aneja.P. L |
| 245 ## - TITLE STATEMENT | |
| Title | Deutsh interstantt-01 |
| 260 ## - PUBLICATION, DISTRIBUTION, ETC. (IMPRINT) | |
| Place of publication, distribution, etc. | New Delhi |
| Name of publisher, distributor, etc. | Collins |
| Date of publication, distribution, etc. | 2001 |
No items available.